Sports Quiz

Random Sports or College Quiz
Score 0/20 Timer 07:00
0 Plays Today
Hint Answer % Correct
StateTennessee
96.4%
Primary RivalTennessee
96.4%
Team ColorBlue
93.2%
CityMemphis
89.4%
NicknameTigers
88.3%
Team ColorGray
83.3%
Famous Alum: PG ________ HardawayPenny
75.7%
No. of Men's Varsity Sports9
74.3%
No. of Women's Varsity Sports9
74.3%
Famous Alum: PG ________ RoseDerrick
73%
Hint Answer % Correct
ConferenceAAC
71.1%
Famous Alum: RB DeAngelo ________Williams
59.5%
Famous Alum: WR Isaac ______Bruce
57.2%
Basketball ArenaFedExForum
46.7%
Football StadiumLiberty Bowl Memorial Stadium
35.1%
Primary RivalLouisville
29.3%
MascotTOM
15.8%
Fight SongGo, Tigers! Go!
14%
Baseball StadiumFedExPark
11.7%
Athletic DirectorLaird Veatch
11.7%
Remove Ads.
Support Sporcle.
Get the best of Sporcle when you Go Orange. This ad-free experience offers more features, more stats, and more fun while also helping to support Sporcle. Thank you for becoming a member.

You're not logged in!

Compare scores with friends on all Sporcle quizzes.
OR
Log In

Show Comments

Extras

Top Quizzes Today


Score Distribution

Your Account Isn't Verified!

In order to create a playlist on Sporcle, you need to verify the email address you used during registration. Go to your Sporcle Settings to finish the process.

Report this User

Report this user for behavior that violates our Community Guidelines.

Details: